Dopravní síť brání celoevropskému obchodu
Dopravná infraštruktúra v Európskej únii. Prioritné dopravné projekty EÚ: TEN-T. Dopravná sieť v Českej republike a prioritné projekty EÚ. Výhody z opatrení na financovanie dopravných projektov. Partnerstvo verejného a súkromného sektora (PPP). Výhody projektov PPP pre verejný sektor.
Salvato in:
| Autore principale: | |
|---|---|
| Natura: | Capitolo di libro |
| Lingua: | ceco |
| Soggetti: | |
| Tags: |
Nessun Tag, puoi essere il primo ad aggiungerne!!
|
MARC
| LEADER | 00000naa$a2200000$$$4500 | ||
|---|---|---|---|
| 001 | 0007970 | ||
| 005 | 20231018123852.0 | ||
| 041 | 0 | |a cze | |
| 044 | |a CZ | ||
| 245 | 1 | 0 | |a Dopravní síť brání celoevropskému obchodu |c aut. Lenka Čábelová |
| 520 | |a Dopravná infraštruktúra v Európskej únii. Prioritné dopravné projekty EÚ: TEN-T. Dopravná sieť v Českej republike a prioritné projekty EÚ. Výhody z opatrení na financovanie dopravných projektov. Partnerstvo verejného a súkromného sektora (PPP). Výhody projektov PPP pre verejný sektor. | ||
| 610 | 2 | 0 | |a siete dopravné |
| 610 | 2 | 0 | |a infraštruktúra |
| 610 | 2 | 0 | |a partnerstvo verejno-súkromné |
| 610 | 2 | 0 | |a Európska únia |
| 610 | 2 | 0 | |a Česko |
| 610 | 2 | 0 | |a projekty |
| 610 | 2 | 0 | |a doprava cestná |
| 610 | 2 | 0 | |a doprava železničná |
| 610 | 2 | 0 | |a zdroje finančné |
| 100 | 1 | |a Čábelová, Lenka | |